000 01153nam a22001457a 4500
008 230403b ||||| |||| 00| 0 eng d
020 _a0442230273
041 _aeng
080 _a72
082 _a72PAV
100 _a19
101 _a ARKITEKTUR
245 _aHANDBOOL OF SOLID WASTE DISPOSAL
_cPAVONI.L.J
942 _2udc
_cBK
999 _c59488
_d59488